000 00458nab a2200145Ia 4500
003 ES-SlBCS
005 20210601135703.0
008 140529s1996 xxu||||| |||| 00| 0 spa d
041 _aspa
100 1 _aGarcía Rivera, Alex
_9235381
245 0 0 _aLa Iglesia peregrina del Vaticano II. Historia de dos altares
_c Alex García Rivera
650 4 _aIglesia Peregrina-Altar
_9235382
773 0 _tConcilium
_gnº. 266, 1996, págs. 715-727
_wRev134
942 _cAR
999 _c632295
_d632295